Communicative apprach to language teaching (Record no. 1377870)

MARC details
000 -LEADER
fixed length control field 00546nam a2200193Ia 4500
005 - DATE AND TIME OF LATEST TRANSACTION
control field 20250508162643.0
008 - FIXED-LENGTH DATA ELEMENTS--GENERAL INFORMATION
fixed length control field 008 250505s9999 xx 000 0 eng d
037 ## - SOURCE OF ACQUISITION
Stock number Textual
040 ## - CATALOGING SOURCE
Original cataloging agency FEDL
Language of cataloging eng
Transcribing agency FEDL
041 ## - LANGUAGE CODE
Language code of text/sound track or separate title eng
Source of code eng
084 ## - COLON CLASSIFICATION NUMBER
Classification number 407, BRU
Assigning agency FEDL
100 ## - MAIN ENTRY--PERSONAL NAME
Personal name Brumfit C J Ed.
9 (RLIN) 773710
245 #0 - TITLE STATEMENT
Title Communicative apprach to language teaching
260 ## - PUBLICATION, DISTRIBUTION, ETC.
Place of publication, distribution, etc. Oxford
Name of publisher, distributor, etc. Oxford University Press
Date of publication, distribution, etc. 1979
300 ## - PHYSICAL DESCRIPTION
Extent x,243p.
700 ## - ADDED ENTRY--PERSONAL NAME
Personal name Johnson K Ed.
9 (RLIN) 773711
942 ## - ADDED ENTRY ELEMENTS (KOHA)
Koha item type Textual
Classification part 407, BRU
Holdings
Withdrawn status Lost status Damaged status Not for loan Home library Current library Date acquired Total Checkouts Full call number Barcode Date last seen Price effective from Koha item type
        Department of Education Library Department of Education Library 2025-05-08   407, BRU EL0070427 2025-05-08 2025-05-08 Textual
Copyright @ Delhi University Library System